000 00679nam a2200193Ia 4500
003 GCL
008 140319s9999 xx 000 0 ara d
040 _aGCL /
_cGCL
082 0 4 _a025.32
_bش ف
100 1 _aشعبان عبدالعزيز خليفة
245 1 0 _aالفهرسة الوصفية للمكتبات : المواد السمعيةوالبصرية والمصغرات الفيلمية /
_cشعبان عبدالعزيز خليفة
700 1 _aمحمد عوض العايدى
300 _a303
490 _a100 قصة
_v0
650 0 4 _aالمصغرات الفيلمية
650 0 4 _aالمكتبات
650 0 4 _aالفهرسة الوصفية
942 _2ddc
_cBK
999 _c46181
_d46181